Instituto de Bioquímica Clínica
Descripción Física:
18 p. ; 22 cm
Materias:
Institut de Bioquímica Clínica
MARC
| LEADER | 00000nam a2200000Ia 4500 | ||
|---|---|---|---|
| 001 | 13036 | ||
| 008 | 160829s1988?] xx 000 0 cat d | ||
| 080 | |a FU-6-20 | ||
| 100 | |a Institut de Bioquímica Clínica | ||
| 245 | |a Instituto de Bioquímica Clínica | ||
| 260 | |a Barcelona : |b Diputació de Barcelona. Servei de Sanitat, [s.a., |c 1988?] | ||
| 300 | |a 18 p. ; |c 22 cm | ||
| 590 | |a Un altre exemplar en llengua catalana amb R. 7687 | ||
| 610 | 2 | 0 | |a Institut de Bioquímica Clínica |9 56425 |
| 710 | 1 | |a Barcelona (Catalunya : Província). |b Servei de Sanitat |9 54402 | |
| 901 | |a Arxiu | ||
| 942 | |n 1 | ||
| 952 | |0 0 |1 0 |4 0 |6 FU620 |7 1 |9 44705 |a Arxiu |b Arxiu |d 2016-12-01 |l 0 |o FU-6-20 |p 13036 |r 2016-12-01 00:00:00 |w 2016-12-01 |y ARXIU | ||
| 999 | |c 47286 |d 47286 | ||